000
00355nam a2200133Ia 4500
008
100328s9999 xx 000 0 und d
082
_b
58157
100
_a
प्रभुदेसाई बाळकृष्ण वि.
245
_a
गधर्व
260
_b
मौज
630
_a
गधर्व
730
_a
गधर्व
942
_c
BOOK
999
_c
544520
_d
544517